000 00363nam a2200157Ia 4500
008 230917s9999||||xx |||||||||||||| ||und||
020 _cGBP0.9
040 _e42511
_aMAIN
041 _aEnglish
082 _a942 P363P
100 _aBindoff, S T
245 0 _aTudor England
260 _aHarmondsworth
_bPenguin Books
_c1976
300 _a319 p.
942 _cBK
999 _c191897
_d191897